The law of investor protection

Bibliographic Details
Main Authors: Fisher, Jonathan (Author), Bewsey, Jane (Author), Ovey, Elizabeth (Author), Waters, Malcolm (Author)
Format: Book
Language:English
Published: London : Sweet & Maxwell , c2003
Edition:2nd ed
Subjects:

MARC

LEADER 00000cam a2200000 7i4500
001 0000006280
005 20150309093000.0
008 021119s2003 at eng
020 |a 0421673001 
050 0 0 |a d32 KD1774   |b .F57 2003 
090 0 0 |a d32 KD1774   |b .F57 2003 
100 0 |a Fisher, Jonathan ,   |e author 
245 1 4 |a The law of investor protection   |c by Jonathan Fisher ... [et. al.] 
250 |a 2nd ed 
260 |a London :   |b Sweet & Maxwell ,   |c c2003 
300 |a lxx, 657 p. ;   |c 24 cm. 
504 |a Includes bibliographical references and index 
650 0 |a Investments   |x Law and legislation   |z Great Britain 
650 0 |a Securities   |z Great Britain 
700 1 |a Bewsey, Jane ,   |e author 
700 1 |a Ovey, Elizabeth ,   |e author 
700 1 |a Waters, Malcolm ,   |e author 
999 |a 1000105584   |b Book   |c Reference   |e Gong Badak Campus